Europe Capitals - Map Quiz - Statistics

General Stats
  • This quiz has been taken 16 times
    15 since last reset
  • The average score is 30 of 44
Answers on the Map
Answers color-coded by a green-red scale on the quiz's map according to % correct below.
 
Answer Stats
Answer % Correct
London
100%
Dublin
88%
Paris
88%
Reykjavik
88%
Amsterdam
75%
Andorra la Vella
75%
Berlin
75%
Bratislava
75%
Brussels
75%
Helsinki
75%
Kiev
75%
Lisbon
75%
Luxembourg
75%
Madrid
75%
Minsk
75%
Monaco
75%
Oslo
75%
Prague
75%
Riga
75%
Rome
75%
San Marino
75%
Sarajevo
75%
Sofia
75%
Stockholm
75%
Warsaw
75%
Zagreb
75%
Athens
63%
Bern
63%
Budapest
63%
Chișinău
63%
Copenhagen
63%
Ljubljana
63%
Tallinn
63%
Valletta
63%
Vienna
63%
Belgrade
50%
Bucharest
50%
Podgorica
50%
Pristina
50%
Tirana
50%
Vatican City
50%
Vilnius
50%
Skopje
38%
Vaduz
38%
No matching quizzes found
Score Distribution
Percent of People with Each Score
Percentile by Number Answered
Your Score History
You have not taken this quiz since the last reset